000 00750cam a22002533a 4500
001 27601
003 PGUSA
005 20140828083609.0
008 081223s2008||||xxu|||||s|||||000 1 eng d
040 _aPGUSA
_beng
042 _adc
050 4 _aPR
100 1 _aBindloss, Harold,
_d1866-1945
245 1 0 _aHawtrey's Deputy
_h[electronic resource] /
_cHarold Bindloss
260 _bProject Gutenberg,
_c2008
500 _aPublished in U.S. under title: Masters of the Wheat-Lands.
506 _aPublic domain in the USA.
516 _aElectronic text
653 _aPrairie Provinces -- Fiction
700 1 _aCuneo, Cyrus,
_d1879-1916
830 0 _aProject Gutenberg
_v27601
856 4 0 _uhttp://www.gutenberg.org/ebooks/27601
942 _cEB
999 _c256856
_d256856